<?xml version="1.0" encoding="UTF-8"?>
<record
    xmlns:xsi="http://www.w3.org/2001/XMLSchema-instance"
    xsi:schemaLocation="http://www.loc.gov/MARC21/slim http://www.loc.gov/standards/marcxml/schema/MARC21slim.xsd"
    xmlns="http://www.loc.gov/MARC21/slim">

  <leader>01379nam a22001457a 4500</leader>
  <controlfield tag="005">20160609165209.0</controlfield>
  <controlfield tag="008">091117t        xxu||||| |||| 00| 0 eng d</controlfield>
  <datafield tag="040" ind1=" " ind2=" ">
    <subfield code="c">BIDOC</subfield>
  </datafield>
  <datafield tag="110" ind1=" " ind2=" ">
    <subfield code="a">FAO</subfield>
    <subfield code="9">2129</subfield>
  </datafield>
  <datafield tag="245" ind1=" " ind2=" ">
    <subfield code="a">Directives pour les campagnes acoustiques dans la r&#xE9;gion de l'Afrique du Nord-Ouest</subfield>
    <subfield code="b">= Guidelines for acoustic surveys in the northwest african region</subfield>
  </datafield>
  <datafield tag="300" ind1=" " ind2=" ">
    <subfield code="a">x - 49 p.</subfield>
  </datafield>
  <datafield tag="520" ind1=" " ind2=" ">
    <subfield code="a">Ce manuel a pour but de pr&#xE9;senter des directives pour une approche harmonis&#xE9;e dans la conduite des campagnes acoustiques dans la r&#xE9;gion de l'Afrique du Nord-Ouest. Cependant, il pourrait &#xE9;galement &#xEA;tre utile pour les autres r&#xE9;gions ayant des caract&#xE9;ristiques environnementales et les ressources marines similaires. Les principes d&#xE9;crits ont &#xE9;t&#xE9; largement adopt&#xE9;s &#xE0; partir de la strat&#xE9;gie de prospection suivie pendant les campagnes du N/R DR. FRIDTJOF NANSEN. Le manuel couvre des th&#xE8;mes tels que la conception de la campagne, la calibration de l'&#xE9;quipement hydroacoustique, le param&#xE9;trage des instruments, l'identification des &#xE9;chos, l'estimation de la biomasse, l'analyse statistique, le format standard pour le stockage des donn&#xE9;es, l'&#xE9;chantillonnage environnemental et la pr&#xE9;sentation des r&#xE9;sultats des campagnes.</subfield>
  </datafield>
  <datafield tag="653" ind1=" " ind2=" ">
    <subfield code="a">Campagnes acoustiques</subfield>
    <subfield code="a">Calibration</subfield>
    <subfield code="a">Equipement hydroacoustique</subfield>
    <subfield code="a">Biomasse</subfield>
    <subfield code="a">Afrique</subfield>
    <subfield code="a">Afrique du Nord-Ouest</subfield>
  </datafield>
  <datafield tag="942" ind1=" " ind2=" ">
    <subfield code="c">LIVR</subfield>
  </datafield>
  <datafield tag="999" ind1=" " ind2=" ">
    <subfield code="c">46544</subfield>
    <subfield code="d">46544</subfield>
  </datafield>
  <datafield tag="952" ind1=" " ind2=" ">
    <subfield code="0">0</subfield>
    <subfield code="1">0</subfield>
    <subfield code="4">0</subfield>
    <subfield code="7">0</subfield>
    <subfield code="a">BIDOC</subfield>
    <subfield code="b">BIDOC</subfield>
    <subfield code="d">2009-11-17</subfield>
    <subfield code="l">0</subfield>
    <subfield code="o">PA.2009.001</subfield>
    <subfield code="r">2009-11-17 00:00:00</subfield>
    <subfield code="t">A.11537</subfield>
    <subfield code="w">2009-11-17</subfield>
    <subfield code="y">LIVR</subfield>
  </datafield>
</record>
